MARC

LEADER 00000nam0a2200000 4500
001 209724
005 20231031191846.0
020 |a RU 
035 |a (RuTPU)RU\TPU\book\229068 
035 |a RU\TPU\book\183094 
090 |a 209724 
100 |a 20120215g1973 k y0rusy5003 ca 
101 0 |a rus 
102 |a RU 
105 |a ac z 001ad 
200 1 |a Изобарные ядра с массовым числом А-170  |f Б. С. Джелепов, С. А. Шестопалова 
210 |a Ленинград  |d 1973  |c Наука 
215 |d 21 см  |a 332 с.  |c портр. 
225 1 |a Свойства атомных ядер  |v Вып. 15 
320 |a Библиогр.: с. 326. 
610 1 |a ядра 
610 1 |a атомные ядра 
610 1 |a свойства 
610 1 |a изотопы 
610 1 |a ядерные состояния 
610 1 |a распад 
675 |a 539.163  |v 3 
700 1 |a Джелепов  |b Б. С.  |g Борис Сергеевич 
701 1 |a Шестопалова  |b С. А.  |g Софья Александровна 
801 0 |a RU  |b 63413507  |c 19950704  |g psbo 
801 1 |a RU  |b 63413507  |c 20091102 
801 2 |a RU  |b 63413507  |c 20120921  |g RCR 
942 |c BK